| 000 -LEADER |
| fixed length control field |
00777pam a2200241 a 4500 |
| 020 ## - INTERNATIONAL STANDARD BOOK NUMBER |
| ISBN |
1559349786 |
| 040 ## - CATALOGING SOURCE |
| Transcribing agency |
DLC |
| 082 00 - DEWEY DECIMAL CLASSIFICATION NUMBER |
| Classification number |
305 MAY 1999 A019 Or. |
| 245 00 - TITLE STATEMENT |
| Title |
Women : |
| Remainder of title |
images and realities : a multicultural anthology / |
| 250 ## - EDITION STATEMENT |
| Edition statement |
2nd ed. |
| 260 ## - PUBLICATION, DISTRIBUTION, ETC. (IMPRINT) |
| Place of publication |
Mountain View, Calif. : |
| Name of publisher |
Mayfield Pub. Co., |
| Year of publication |
c1999. |
| 300 ## - PHYSICAL DESCRIPTION |
| Number of Pages |
xiii, 578 p. : |
| Other physical details |
ill. ; |
| Dimensions |
23 cm. |
| 650 #0 - SUBJECT ADDED ENTRY--TOPICAL TERM |
| Topical Term |
Feminism |
| 650 #0 - SUBJECT ADDED ENTRY--TOPICAL TERM |
| Topical Term |
Women |
| 650 #0 - SUBJECT ADDED ENTRY--TOPICAL TERM |
| Topical Term |
Women's studies |
| 700 1# - ADDED ENTRY--PERSONAL NAME |
| Personal name |
Kesselman, Amy Vita, |
| 700 1# - ADDED ENTRY--PERSONAL NAME |
| Personal name |
McNair, Lily D. |
| 700 1# - ADDED ENTRY--PERSONAL NAME |
| Personal name |
Schniedewind, Nancy, |
| 856 42 - ELECTRONIC LOCATION AND ACCESS |
| Uniform Resource Identifier |
http://www.loc.gov/catdir/description/mh024/98039649.html |
| 856 41 - ELECTRONIC LOCATION AND ACCESS |
| Uniform Resource Identifier |
http://www.loc.gov/catdir/toc/mh023/98039649.html |
| 856 42 - ELECTRONIC LOCATION AND ACCESS |
| Uniform Resource Identifier |
http://www.loc.gov/catdir/enhancements/fy0737/98039649-b.html |
| 942 ## - ADDED ENTRY ELEMENTS (KOHA) |
| Koha item type |
សៀវភៅភាសាអង់គ្លេស |
| 952 ## - LOCATION AND ITEM INFORMATION (KOHA) |
| Withdrawn status [LOCAL, KOHA] |
0 |